Ordu ve politika / (Record no. 200429443)
[ view plain ]
| 000 -LEADER | |
|---|---|
| fixed length control field | 01044nam a2200337Ia 4500 |
| 001 - CONTROL NUMBER | |
| control field | 34333445 |
| 003 - CONTROL NUMBER IDENTIFIER | |
| control field | TR-AnTOB |
| 005 - DATE AND TIME OF LATEST TRANSACTION | |
| control field | 20240910103117.0 |
| 007 - PHYSICAL DESCRIPTION FIXED FIELD--GENERAL INFORMATION | |
| fixed length control field | ta |
| 008 - FIXED-LENGTH DATA ELEMENTS--GENERAL INFORMATION | |
| fixed length control field | 960308s1993 tu b 000 0 tur d |
| 010 ## - LIBRARY OF CONGRESS CONTROL NUMBER | |
| LC control number | 94955030 |
| 040 ## - CATALOGING SOURCE | |
| Original cataloging agency | UUM |
| Transcribing agency | UUM |
| Modifying agency | BGZ |
| Language of cataloging | eng |
| Description conventions | rda |
| 041 0# - LANGUAGE CODE | |
| Language code of text/sound track or separate title | Türkçe |
| 043 ## - GEOGRAPHIC AREA CODE | |
| Geographic area code | a-tu--- |
| 049 ## - LOCAL HOLDINGS (OCLC) | |
| Holding library | BGZA |
| 050 #0 - LIBRARY OF CONGRESS CALL NUMBER | |
| Classification number | DR477 |
| 090 #0 - LOCALLY ASSIGNED LC-TYPE CALL NUMBER (OCLC); LOCAL CALL NUMBER (RLIN) | |
| Classification number (OCLC) (R) ; Classification number, CALL (RLIN) (NR) | DR477 |
| Local cutter number (OCLC) ; Book number/undivided call number, CALL (RLIN) | .O98 1993 |
| 100 1# - MAIN ENTRY--PERSONAL NAME | |
| Personal name | Öztürk, Osman Metin, |
| Dates associated with a name | 1956- |
| Relator code | author |
| 9 (RLIN) | 119694 |
| 245 10 - TITLE STATEMENT | |
| Title | Ordu ve politika / |
| Statement of responsibility, etc. | Osman Metin Öztürk. |
| 264 ## - PRODUCTION, PUBLICATION, DISTRIBUTION, MANUFACTURE, AND COPYRIGHT NOTICE | |
| Place of production, publication, distribution, manufacture | Ankara : |
| Name of producer, publisher, distributor, manufacturer | Gündoğan Yayınları, |
| Date of production, publication, distribution, manufacture, or copyright notice | 1993. |
| 300 ## - PHYSICAL DESCRIPTION | |
| Extent | 207 p. ; |
| Dimensions | 20 cm. |
| 336 ## - CONTENT TYPE | |
| Source | rdacontent |
| Content type term | text |
| Content type code | txt |
| 337 ## - MEDIA TYPE | |
| Source | rdamedia |
| Media type term | unmediated |
| Media type code | n |
| 338 ## - CARRIER TYPE | |
| Source | rdacarrier |
| Carrier type term | volume |
| Carrier type code | nc |
| 490 0# - SERIES STATEMENT | |
| Series statement | Gündoğan yayınları ; |
| Volume/sequential designation | 93.76. |
| Series statement | Siyaset/Sosyoloji dizisi ; |
| Volume/sequential designation | 02.19 |
| 504 ## - BIBLIOGRAPHY, ETC. NOTE | |
| Bibliography, etc. note | |
| 651 #0 - SUBJECT ADDED ENTRY--GEOGRAPHIC NAME | |
| Geographic name | Turkey |
| General subdivision | Armed Forces |
| -- | Political activity |
| 9 (RLIN) | 29797 |
| Geographic name | Türkiye |
| General subdivision | Silahlı kuvvetler |
| -- | Siyasi faaliyet |
| 9 (RLIN) | 88748 |
| 942 ## - ADDED ENTRY ELEMENTS (KOHA) | |
| Source of classification or shelving scheme | Library of Congress Classification |
| Koha item type | Book |
| Withdrawn status | Lost status | Source of classification or shelving scheme | Damaged status | Not for loan | Collection code | Home library | Current library | Shelving location | Date acquired | Source of acquisition | Inventory number | Total Checkouts | Full call number | Barcode | Date last seen | Date shelved | Koha item type | Public note |
|---|---|---|---|---|---|---|---|---|---|---|---|---|---|---|---|---|---|---|
| Library of Congress Classification | Yeni / New | Ödünç Verilebilir / Available | Genel Koleksiyon | Merkez Kütüphane | Merkez Kütüphane | Genel Koleksiyon / Main Collection | 11/04/2018 | Bağış / Donation | SUİ/TAR | DR477 .O98 1993 | 0056605 | 11/04/2018 | 16/05/2018 | Book | Donated by Levent Kuşoğlu |
